Loading...
| Science - Biology | 0 | 4 | 0 | 0 | 40 | 67 | 83.50 | 0 | 1 | 7.43 | 22.14 |
| Fine Arts - Other | 0 | 2 | 0 | 0 | 20 | 112 | 115.50 | 0 | 0 | 0.16 | 2.21 |
| Literature - American | 0 | 1 | 0 | 0 | 10 | 94 | 94.00 | 0 | 0 | 1.79 | 2.80 |
| Literature - British | 0 | 1 | 0 | 0 | 10 | 72 | 72.00 | 0 | 0 | 3.25 | 6.06 |
| Mythology | 0 | 1 | 0 | 0 | 10 | 88 | 88.00 | 0 | 0 | 2.48 | 2.27 |
| Religion | 0 | 1 | 0 | 1 | 10 | 114 | 114.00 | 0 | 0 | 0.00 | 0.70 |
| Fine Arts - Classical Music | 0 | 1 | 0 | 0 | 10 | 126 | 126.00 | 0 | 0 | 0.14 | 1.40 |
| History - European | 0 | 1 | 0 | 0 | 10 | 101 | 101.00 | 0 | 0 | 0.43 | 0.70 |
| Science - Other | 0 | 1 | 0 | 1 | 10 | 111 | 111.00 | 0 | 0 | 0.00 | 2.27 |
| Science - Physics | 0 | 1 | 1 | 0 | 5 | 104 | 104.00 | 0 | 0 | 0.00 | 3.03 |
| Science - Chemistry | 0 | 0 | 0 | 0 | 0 | 0.00 | 0 | 0 | 0.00 | 0.00 |